Audiencia de Charcas (Record no. 184705)

MARC details
000 -LEADER
campo de control de longitud fija 00959nam a2200205 i 4500
001 - NÚMERO DE CONTROL
campo de control 184705
003 - IDENTIFICADOR DE NÚMERO DE CONTROL
campo de control ES-MaACL
005 - FECHA Y HORA DE LA ÚLTIMA TRANSACCIÓN
campo de control 20250902131140.0
008 - DATOS DE LONGITUD FIJA--INFORMACIÓN GENERAL
campo de control de longitud fija 151116s1918 sp |||| | spa d
245 00 - MENCIÓN DEL TÍTULO
Título Audiencia de Charcas
Resto del título : correspondencia de presidentes y oidores : documentos del Archivo de Indias.
Número de parte o sección de la obra I,
Nombre de parte o sección de la obra 1561-1579 /
Mención de responsabilidad, etc. publicación dirigida por Roberto Levillier ; prólogo de Adolfo Bonilla San Martín.
260 ## - PUBLICACIÓN, DISTRIBUCIÓN, ETC.
Lugar de publicación, distribución, etc. Buenos Aires :
Nombre del editor, distribuidor, etc. Municipalidad,
Fecha de publicación, distribución, etc. 1918.
300 ## - DESCRIPCIÓN FÍSICA
Extensión LXIII, 715 p. ;
Dimensiones 24 cm.
490 1# - MENCIÓN DE SERIE
Mención de serie Colección de publicaciones históricas de la Biblioteca del Congreso Argentino
651 #4 - PUNTO DE ACCESO ADICIONAL DE MATERIA--NOMBRE GEOGRÁFICO
Nombre geográfico Argentina-
Subdivisión general Historia-
Subdivisión cronológica 1591-1810, Época colonial.
9 (RLIN) 156531
700 1# - ENTRADA AGREGADA--NOMBRE PERSONAL
Nombre de persona Levillier, Roberto,
Fechas asociadas al nombre 1886-1969
9 (RLIN) 71965
700 1# - ENTRADA AGREGADA--NOMBRE PERSONAL
Nombre de persona Bonilla y San Martín, Adolfo,
Fechas asociadas al nombre 1875-1926
9 (RLIN) 30193
830 0# - PUNTO DE ACCESO ADICIONAL DE SERIE-TÍTULO UNIFORME
Título uniforme Colección de publicaciones históricas de la Biblioteca del Congreso Argentino
9 (RLIN) 192228
852 ## - LOCALIZACIÓN
Ubicación ES-MaACL
Número de control de estantería C-7171
Holdings
Estatus retirado Estado de pérdida Estado de daño No para préstamo Biblioteca de origen Biblioteca actual Ubicación en estantería Fecha de adquisición Fuente de adquisición Total de préstamos Signatura topográfica completa Código de barras Visto por última vez Precio de reemplazo Tipo de ítem Koha
        Biblioteca del Ateneo de Madrid Biblioteca del Ateneo de Madrid Sala Palomar 16/11/2015     C-7171 1194474 23/02/2023 23/02/2023 Libro impreso